Регионална библиотека "Любен Каравелов" - Русе

Закон за ценните книжа, фондовите борси и инвестиционните дружества (Запис номер 7856)

MARC детайли
000 -Лидер
Контролно поле с фиксирана дължина 01894nam a2200349 c 4500
003 - Код на организацията, давaща контролен номер
Контролно поле BLK
005 - Дата и час на последна редакция
Контролно поле 20180420214249.0
008 - Елементи от данни с фиксирана дължина
fixed length control field 180412b bul|||||r ||||||| ||bul||
010 ## - Наследен системен номер
LC control number KNG00009189000
040 ## - Източник на каталожния запис
Идентификатор на билиотеката - собственик на записа BLK
041 ## - Код за език
Код за езика на текст/звукозапис или на отделно заглавие Български
Код за езика КДБФ Български
080 ## - УДК
Текстов определител УДК Обществени финанси. Финансово законодателство. Подразделя се със знака за съотношение и индекса 336. 12
УДК код - определител по УДК 351.72
УДК определител :336.7(497.2)(094.5.072)
УДК - код + определител 351.72:336.7(497.2)(094.5.072)
080 ## - УДК
Текстов определител УДК Пари. Банково дело. Борса. Валутен борд. Вж и 347.73 ; 368
УДК код - определител по УДК 336.7
УДК определител (497.2)
УДК - код + определител 336.7(497.2)
139 ## - Редно поле
Редна дума България. Закони и др. п.
Авторски знак Бъл - Б 92
245 10 - Сведения за заглавието
Заглавие Закон за ценните книжа, фондовите борси и инвестиционните дружества
Подзаглавни данни Обнар., ДВ - бр. 63 от 14. 07.1995 г. : Текст, мотиви към законопроектите и кратьк комент. от Георги Спасов
Редно поле (дума) състав. Георги Спасов.
257 ## - Страна на издаване
Страна на създаване/издаване България
260 ## - Област на издателските данни
-- София
Име на издателя, разпространителя и проч. Фенея
Година на издаване 1995
300 ## - Физическа характеристика
Страници 88 с.
Размери/Мащаб 20 см
380 ## - Жанр
Жанр Обществени науки
650 #4 - Допълнително описание по предмет – тема
Основно описание – тема или топоним Ценни книжа - България - нормативни актове и коментар
9 (RLIN) 249108
650 #4 - Допълнително описание по предмет – тема
Основно описание – тема или топоним Фондова борса - България - нормативни актове и коментар
9 (RLIN) 252968
650 #4 - Допълнително описание по предмет – тема
Основно описание – тема или топоним Инвестиции - България - нормативни актове и коментар
9 (RLIN) 252969
653 ## - Ключова дума – ненормативна
Ключова дума борси
653 ## - Ключова дума – ненормативна
Ключова дума ценни книжа
653 ## - Ключова дума – ненормативна
Ключова дума инвестиции
700 1# - Други автори (авторска отговорност)
Лично име Спасов, Георги
Автороска отговорност (Описва отношението между автора и произведението) състав.
9 (RLIN) 252967
852 ## - Местоположение
Форматна сигнатура Цб 184435
856 4# - Електронен адрес и достъп
Електронен формат pdf - файл
Път до файла /url/
856 4# - Електронен адрес и достъп
Електронен формат pdf - файл
Път до файла /url/
942 ## - АРТИКУЛИ
Вид на библиотечния материал Книги
Скрит в OPAC Не
944 ## - СЪЗДАВАНЕ И РЕДАКЦИЯ на ЗАПИСА
Създаване/Редакция Създаване
Дата на регистрацията/редакция 15.01.2003
Служител, извършил регистрацията/редакцията Теодора_Стоянова
944 ## - СЪЗДАВАНЕ И РЕДАКЦИЯ на ЗАПИСА
Създаване/Редакция Редакция
Дата на регистрацията/редакция 28.11.2014
Служител, извършил регистрацията/редакцията Ренета_Константинова
999 ## - СИСТЕМНИ КОНТРОЛНИ НОМЕРА
Koha biblionumber 7856
Koha biblioitemnumber 7856
Наличности
Код за отписване Код за изгубен артикул Източник на класификационната схема Код за повреда Коз за рестрикции Код за отдаване Артикулен № Име на библиотеката - собственик Име на библиотеката, в която се намира в момента Статус (Текущо местоположение) Дата на вписване в системата Местоположение - отдел Цена в лева Инвентарен номер Систематично азбучна сигнатура Баркод Номер на екземпляра Цена в евро Служебна бележка Служебен тип на артикула
Изтеглен Не е изгубен Universal Decimal Classification Не е повреден без рестрикции заемане за дома 13570 Регионална библиотека "Любен Каравелов" Русе Регионална библиотека "Любен Каравелов" Русе Заемна - подръчен фонд 2001-01-01 Заемна - подръчен фонд 1.08 615075 П 351/Б 92 615075 1 0.55 Дост: Pk Вид: Ф N: стар фонд Дата: 01.01.2001 Книги
  Не е изгубен Universal Decimal Classification Не е повреден без рестрикции ползва се в читалня 13571 Регионална библиотека "Любен Каравелов" Русе Регионална библиотека "Любен Каравелов" Русе Хранилище 2001-01-01 Хранилище 1.08 617099 Цб 184435 120000617099 2 0.55 Дост: Dp Вид: Д N: стар фонд Дата: 01.01.2001 Дата инв: 14.08.2014 Бележки инв: Цб2014 Книги
Vip Innovations Ltd, Rousse, Bulgaria 2025